| 000 | 00650nam a2200217 i 4500 | ||
|---|---|---|---|
| 001 | 146595 | ||
| 003 | ES-MaACL | ||
| 005 | 20250822063208.0 | ||
| 007 | t| | ||
| 008 | 070912s1973 sp ||||1| cat d | ||
| 080 | _a37(46):2 | ||
| 080 | _a2:37(46) | ||
| 100 | 1 |
_aTotosaus, Josep Mª, _d1932-2014 _9111112 |
|
| 245 | 1 | 0 |
_aEsglèsia i món escolar / _cJosé María Totosaus Martorell. |
| 250 | _a[1ª ed.]. | ||
| 260 |
_aMontserrat : _bAbadía de Montserrat, _c[1973] |
||
| 300 |
_a132 p. ; _c19 cm. |
||
| 650 | 1 | 4 |
_aReligión- _xEnseñanza- _zEspaña- _yS.XX. _916798 |
| 852 |
_aES-MaACL _jC-52850 _bR.86353 |
||
| 999 |
_c146595 _d146595 |
||